logo

Bir Sreshtho Munshi Abdur Rouf Library
Jhenaidah Cadet College

Professional Presentations / (Record no. 628)

MARC details
000 -LEADER
fixed length control field 00619nam a2200229 a 4500
001 - CONTROL NUMBER
JCCL Control Number 628
003 - CONTROL NUMBER IDENTIFIER
JCCL marc code BD-JhCC
005 - DATE AND TIME OF LATEST TRANSACTION
control field 20171008090613.0
008 - FIXED-LENGTH DATA ELEMENTS--GENERAL INFORMATION
fixed length control field 171008s20052011ii a|||| || | 000 0 eng d
020 ## - INTERNATIONAL STANDARD BOOK NUMBER
International Standard Book Number 8175962577
035 ## - SYSTEM CONTROL NUMBER
system control number (BD-JhCC)628
040 ## - CATALOGING SOURCE
Original cataloging agency BD-JhCC
Modifying agency BD-JhCC
041 ## - LANGUAGE CODE
Language code of Book eng
082 ## - DEWEY DECIMAL CLASSIFICATION NUMBER
Classification number 658.452
Author mark and Year GOO 2011
100 ## - MAIN ENTRY--PERSONAL NAME
Personal name Goodale, Malcolm
245 ## - TITLE STATEMENT
Title Professional Presentations /
Statement of responsibility, etc Malcolm Goodale,
260 ## - PUBLICATION, DISTRIBUTION, ETC. (IMPRINT)
Place of publication, distribution, etc New Delhi:
Name of publisher, distributor, etc Cambridge University Press India Pvt. Ltd
300 ## - PHYSICAL DESCRIPTION
Pagination 80 p.;
Other physical details ii
Dimensions 26cm.
650 ## - SUBJECT ADDED ENTRY--TOPICAL TERM
Topical term or geographic name as entry element English Language
General subdivision Business Presentations
942 ## - ADDED ENTRY ELEMENTS (KOHA)
Source of classification or shelving scheme Dewey Decimal Classification
Koha item type Books
Holdings
Source of classification or shelving scheme Damaged status Not for loan Home library Current library Shelving location Total Checkouts Full call number Barcode Date last seen Copy number Koha item type
Dewey Decimal Classification     JCC Rouf Library JCC Rouf Library General Stacks   658.452 GOO 2011 384 10/08/2017 C-1 Books

JCC Library | Contacts | JCC Home

Last Update on 23 September 2017
Copyright @ 2017-2020 JCC Rouf Library
Rouf Library, Jhenidah Cadet College (JCC), Bangladesh